Курс истории СССР. Лекция 15-16: Петр I и его реформы. Царская Россия во второй четверти XVIII века (Запись № 13593942)

Подробности
000 -МАРКЕР
контрольное поле 01284nam2a2200253 4500
001 - ИДЕНТИФИКАТОР ЗАПИСИ
контрольное поле rc\2914742
005 - ИДЕНТИФИКАТОР ВЕРСИИ
контрольное поле 20260406082044.0
035 ## - ДРУГИЕ СИСТЕМНЫЕ НОМЕРА
Идентификатор записи (NLR Aleph) 007065235
100 ## - ДАННЫЕ ОБЩЕЙ ОБРАБОТКИ
Данные общей обработки 20110810d1938 u y0rusy50 ca
101 0# - ЯЗЫК РЕСУРСА
Язык текста, звукозаписи и т.д. русский
102 ## - СТРАНА ПУБЛИКАЦИИ ИЛИ ПРОИЗВОДСТВА
Страна публикации Российская Федерация
105 ## - ПОЛЕ КОДИРОВАННЫХ ДАННЫХ: ТЕКСТОВЫЕ МАТЕРИАЛЫ, МОНОГРАФИЧЕСКИЕ
Кодированные данные о монографическом текстовом документе y z |||||
200 1# - ЗАГЛАВИЕ И СВЕДЕНИЯ ОБ ОТВЕТСТВЕННОСТИ
Основное заглавие Петр I и его реформы. Царская Россия во второй четверти XVIII века
Сведения, относящиеся к заглавию Стеногр. лекций т. В.И. Лебедева, прочитанных 17-20 ноября 1937 г.
210 ## - ПУБЛИКАЦИЯ, РАСПРОСТРАНЕНИЕ И ДР.
Дата издания, распространения и т.д. 1938
215 ## - ФИЗИЧЕСКАЯ ХАРАКТЕРИСТИКА
Специфическое обозначение материала и объем 28 с.
Размеры 22 см
461 #0 - УРОВЕНЬ НАБОРА
Встроенное поле 001rc\2914735
-- 2001#$aКурс истории СССР$fВысшая школа пропагандистов им. Я.М. Свердлова при ЦК ВКП(б)$vЛекция 15-16
Системный номер (АБИС) связанной записи 6325945
Место публикации Москва
Дата публикации 1938
Первые сведения об ответственности Высшая школа пропагандистов им. Я.М. Свердлова при ЦК ВКП(б)
Имя издателя, распространителя и т.д. Б. и.
Заглавие Курс истории СССР
Номер тома Лекция 15-16
701 #1 - ИМЯ ЛИЦА - АЛЬТЕРНАТИВНАЯ ОТВЕТСТВЕННОСТЬ
Графика поля Кириллица
Материалы, к которым относится поле rus
Начальный элемент ввода Лебедев
Часть имени, кроме начального элемента ввода В. И.
Дополнения к именам, кроме дат д-р ист. наук
Даты 1894-1966
Расширение инициалов личного имени Владимир Иванович
Системный номер авторитетной/нормативной записи 29783
Идентификатор авторитетной/нормативной записи RU\NLR\AUTH\7746848
801 #0 - ИСТОЧНИК ЗАПИСИ
Страна Российская Федерация
Организация NLR
Правила каталогизации psbo
801 #1 - ИСТОЧНИК ЗАПИСИ
Страна Российская Федерация
Организация ELAR
Источник данных rusmarc
852 ## - МЕСТОНАХОЖДЕНИЕ И ШИФР ХРАНЕНИЯ
Идентификатор организации NLR
Шифр хранения (Call Number) 38-17/48(15-16)
942 ## - ДОПОЛНИТЕЛЬНЫЕ ЭЛЕМЕНТЫ ЗАПИСИ (АБИС)
Тип экземпляра АБИС Неопределено
980 ## - КОЛЛЕКЦИЯ
Название коллекции Национальная библиография

Нет доступных экземпляров.